Εποπτεία προσωπικού

Αποθηκεύτηκε σε:
Λεπτομέρειες βιβλιογραφικής εγγραφής
Κύριος συγγραφέας: Ζαβλανός, Μύρων Μ.
Μορφή: Βιβλίο
Γλώσσα:Greek
Δημοσίευση: Αθήνα : Σύγχρονη εκδοτική, 1989
Θέματα:
Ετικέτες: Προσθήκη ετικέτας
Δεν υπάρχουν, Καταχωρήστε ετικέτα πρώτοι!

MARC

LEADER 00000nam a2200000 i 4500
001 1/36580
008 960923s1989 gre d
035 |l 10024512 
040 |a GR-MY-UA  |b gre  |e aacr 
041 0 |a gre 
082 0 |a 658.3 
100 1 |a Ζαβλανός, Μύρων Μ. 
245 1 0 |a Εποπτεία προσωπικού /  |c Μύρωνας Μ.Ζαβλάνος 
260 |a Αθήνα :   |b Σύγχρονη εκδοτική,   |c 1989 
300 |a 200 σ. 
500 |a Περιλαμβάνει βιβλιογραφία 
650 0 0 |a Personnel management. 
852 |a INST  |b CHIOS  |e 19960923  |h 658.3 ΖΑΒ  |p 005200011645  |q 005200011645  |t BK  |y 0 
909 |a Χ  |b 045328